[Event "AUT-ch Blitz"]
[Site "Innsbruck"]
[Date "2024.06.01"]
[Round "3"]
[White "Mira, Helene"]
[Black "Frolik, Michael"]
[Result "1-0"]
[WhiteElo "2054"]
[BlackElo "1924"]
[PlyCount "53"]
[EventDate "2024.06.01"]
[EventType "swiss (blitz)"]
[EventRounds "11"]
[EventCountry "AUT"]
[SourceTitle "CBM 220 Extra"]
[Source "ChessBase"]
[SourceDate "2024.07.31"]
[SourceVersion "1"]
[SourceVersionDate "2024.07.31"]
[SourceQuality "1"]

1. d4 Nf6 2. c4 e6 3. Nf3 b6 4. g3 Bb7 5. Bg2 d6 6. 0-0 Nbd7 7. Nc3 Be7 8. Qd3 0-0 9. e4 c5 10. Re1 cxd4 11. Nxd4 a6 12. b3 Rc8 13. Ba3 Qc7 14. Rac1 Nc5 15. Qb1 Rfd8 16. Kh1 Ng4 17. Nd1 Bf6 18. Bb2 h5 19. h3 Ne5 20. Re3 Ng6 21. f4 h4 22. f5 Ne5 23. fxe6 Nxe6 24. Nf5 hxg3 25. Rxg3 Kf8 26. Nde3 Qc5 27. Nd5 1-0